000 00868 a2200205 4500
001 54563
005 20260407155819.0
008 260407a1999 arg spa d
003 AR-UNSa-BCEJYS
040 _aAR-UNSa-BCEJYS
_bspa
_cAR-UNSa-BCEJYS
080 _a330.342.146
_xEconomía social de mercado. Economía del estado del bienestar
245 1 0 _aHumanismo económico y tecnología científica
_pbases para la refundación del análisis económico
264 1 _aCórdoba :
_bUniversidad Nacional de Córdoba
_c1999
300 _a129 p.
_c19 cm.
505 _aVol. I: Bases para la refundación del análisis económico -- Vol. II: Bases para la refundación del análisis económico -- Vol. III: El desempleo en la Argentina en los años 1990
041 _aspa
942 _cBK
590 _aniveau_biblio:m niveau_hierar:0
100 1 _aDi Marco, Luis Eugenio
999 _c5643
_d5643